000 01457nam a2200253 a 4500
001 45088
003 BD-RjUL
005 20211209053948.0
008 160723s2015 bg ||||| |||| 00| 0 ben d
020 _a9789849155324
_c: Tk. 400.00
035 _a(BD-RjUL)45206
040 _aBD-RjUL
_bben
_cBD-RjUL
_dBD-RjUL
041 _aben
082 _223
_a891.441092
_bSUB 2015
245 0 0 _aসূবর্ণ জয়ন্তীর সন্ধিক্ষণ পেরিয়ে :
_bমানিক মজুমদার ৫০ বর্ষপূর্তি জীবনী স্মারক গ্রন্থ /
_cসম্পাদকমণ্ডলীর সভাপতি দ্বিজেন্দ্র নাথ ব্যানার্জী ... [ এবং অন্যান্য ]
260 _aপাবনা :
_bরূপম প্রকাশনী,
_c২০১৫
300 _a২৬৪ পৃ. :
_bচিত্র ;
_c২২ সেমি.
490 _aরূপম প্রকাশনা ;
_v৩৯০
600 1 0 _aমজুমদার, মানিক
_xজীবনী
_9138238
600 1 0 _aMajumder, Manik
_xBiography
_9138239
700 _aব্যানার্জী, দ্বিজেন্দ্র নাথ ... [ এবং অন্যান্য ], সম্পাদকমণ্ডলীর সভাপতি
_9138111
830 _aরূপম প্রকাশনা ;
_v৩৯০
_9138240
942 _2ddc
_cBK
999 _c45088
_d45088